000 00503nam a2200193Ia 4500
005 20250508164123.0
008 008 250505s9999 xx 000 0 eng d
037 _aTextBook
040 _aFEDL
_beng
_cFEDL
041 _aeng
_2eng
084 _a305.3, BHA/R
_qFEDL
100 _aBhasin Kamla
245 0 _aUnderstanding gender
260 _aNew Delhi, India
_bWomen Unlimited
_c2000
300 _a86p
365 _aINR
_b70
942 _cTB
_h305.3, BHA/R
999 _c1387157
_d1387157